Hiện thực hóa sự nghiệp - Hiểu rõ thực tại, hướng tới tương lai

Chia sẻ những kinh nghiệm của tác giả nhằm khám phá những khía cạnh đa dạng, có thể dễ dàng nhận thấy quanh sự nghiệp của mỗi người. Đồng thời, giới thiệu mô hình 4Q - một công cụ thiết thực, đơn giản và dễ áp dụng, giúp bạn tiến xa t...

Description complète

Enregistré dans:
Détails bibliographiques
Auteur principal: Kenneth, Leow
Autres auteurs: Nguyễn, Ngọc Ưu
Format: Livre
Langue:Undetermined
Publié: Tp. Hồ Chí Minh Phụ nữ 2018
Sujets:
Accès en ligne:http://lrc.tdmu.edu.vn/opac/search/detail.asp?aID=2&ID=37155
Tags: Ajouter un tag
Pas de tags, Soyez le premier à ajouter un tag!
Thư viện lưu trữ: Trung tâm Học liệu Trường Đại học Thủ Dầu Một
LEADER 01226nam a2200217Ia 4500
001 TDMU_37155
008 210410s9999 xx 000 0 und d
082 |a 650.13 
090 |b K204 
100 |a Kenneth, Leow 
245 0 |a Hiện thực hóa sự nghiệp - Hiểu rõ thực tại, hướng tới tương lai 
245 0 |c Kenneth Leow; Nguyễn Ngọc Ưu dịch 
260 |a Tp. Hồ Chí Minh 
260 |b Phụ nữ 
260 |c 2018 
300 |a 223tr. 
520 |a Chia sẻ những kinh nghiệm của tác giả nhằm khám phá những khía cạnh đa dạng, có thể dễ dàng nhận thấy quanh sự nghiệp của mỗi người. Đồng thời, giới thiệu mô hình 4Q - một công cụ thiết thực, đơn giản và dễ áp dụng, giúp bạn tiến xa trên con đường hiện thực hoá sự nghiệp của mình 
650 |a Cuộc sống  |x Sự nghiệp  |x Bí quyết thành công 
700 |a Nguyễn, Ngọc Ưu 
856 |u http://lrc.tdmu.edu.vn/opac/search/detail.asp?aID=2&ID=37155 
980 |a Trung tâm Học liệu Trường Đại học Thủ Dầu Một